Every Timeless Manor Tower - Statistics

General Stats
  • This quiz has been taken 3 times
  • The average score is 16 of 39
Answer Stats
Difficulty Tower % Correct
Unreal Great Citadel of {Great Difficulty Chart}
100%
Unreal Tower of {Insane Zodiac}
100%
Terrifying Citadel of {Latest Difficulty Chart}
50%
Horrific {Doomsday} Tower
50%
Terrifying {Kaizo} Steeple
50%
Horrific {Sans} Steeple
50%
Horrific Steeple of {Daze}
50%
Extreme Steeple of {Exponential Difficulty}
50%
Horrific Tower of {Brief Enmity}
50%
Insane Tower of {Difficulty Chart}
50%
Horrific Tower of {Dissociative Force}
50%
Horrific Tower of {Disturbing Dread}
50%
Terrifying Tower of {Expected Outcomes}
50%
Terrifying Tower of {Flipping Everything}
50%
Insane Tower of {Forever Resetting}
50%
Catastrophic Tower of {Fragile Balance}
50%
Insane Tower of {Franchun’s Lullaby}
50%
Terrifying Tower of {Hitbox and Health Abuse}
50%
Horrific Tower of {Inferno Galore}
50%
Easy Tower of {One Equals Zero}
50%
Terrifying Tower of {Opposition}
50%
Catastrophic Tower of {Otherworldly Expertise}
50%
Extreme Tower of {Pure Torment}
50%
Extreme Tower of {Quadruple The Pain}
50%
Extreme Tower of {Room Destruction}
50%
Insane Tower of {Satan’s Wrath}
50%
Horrific Tower of {Substantial Quietus}
50%
Insane Tower of {True Confusion}
50%
Extreme Tower of {Unraveled Code}
50%
Catastrophic Sadistically Terrifying Overachieving Neglectful Enragement Facility Classic
0%
Insane Tower of {Accepting Defeat}
0%
Catastrophic Tower of {Centchade}
0%
Catastrophic Tower of {Challenging Object Anarchy}
0%
Extreme Tower of {Everlasting Darkness}
0%
Terrifying Tower of {Excruciating Anguish}
0%
Catastrophic Tower of {Fervent Imperfection}
0%
Terrifying Tower of {Hellish Nightmares}
0%
Catastrophic Tower of {Perplexed Ascent}
0%
Catastrophic Tower of {Ruthless Royal Architecture}
0%
No matching quizzes found
Score Distribution
Percent of People with Each Score
Percentile by Number Answered
Your Score History
You have not taken this quiz